15 krajów o największej liczbie zgonów Covid19 - 30 maja - Statystyki

Ogólne statystyki
  • Ten quiz został rozwiązany 55 razy
  • Średni wynik to 12 z 21
Statystyki odpowiedzi
kraj % Poprawnych
Stany Zjednoczone
90%
Chiny
88%
Rosja
86%
Hiszpania
82%
Niemcy
82%
Włochy
82%
Francja
78%
Brazylia
70%
Wielka Brytania
66%
Kanada
62%
Indie
60%
Meksyk
54%
Iran
44%
Portugalia
44%
Szwecja
42%
Holandia
40%
Belgia
38%
Irlandia
30%
Szwajcaria
26%
Peru
20%
Ekwador
10%
Nie znaleziono quizów pasujących do podanych kryteriów
Rozkład punktacji
Procent ludzi z każdym wynikiem
Percentyl według liczby udzielonych odpowiedzi
Twoja historia wyników
Nie rozwiązałeś tego quizu